|
|
|
|
| LEADER |
00000nab a2200000 a 4500 |
| 001 |
vtls000886916 |
| 003 |
SK-MaSNL |
| 005 |
20260302165658.0 |
| 008 |
160322c2004 xo 0 slo |
| 015 |
|
|
|a SNBRB2004/10-28804
|
| 035 |
|
|
|a CLN000238351
|
| 040 |
|
|
|a SNKBUCL
|b slo
|c SNKBUCL
|e AACR2
|
| 041 |
0 |
|
|a slo
|
| 044 |
|
|
|a xo
|c SK
|
| 080 |
|
|
|a 796.524.071
|2 UDC-MRF-SK2
|
| 080 |
|
|
|a 929 Jakeš, Karel
|2 UDC-MRF-SK2
|
| 100 |
1 |
|
|a Dodek, Peter
|4 aut
|9 509045
|
| 245 |
1 |
0 |
|a On tam musel ísť ...
|b chuť do života horolezca Karla Jakeša nezlomili ani dva ťažké úrazy
|c Peter Dodek
|
| 300 |
|
|
|b Fotogr.
|
| 600 |
1 |
7 |
|a Jakeš, Karel,
|d 1953-2002
|2 snkbucl
|9 483152
|
| 655 |
|
7 |
|a články z novín a časopisov
|2 snkbucl
|9 267496
|
| 773 |
0 |
|
|x 0139-7001
|t Šport
|g Roč. 58, č. 221 (24.9.2004), s. 36-37
|
| 850 |
|
|
|a Slovenská národná knižnica v Martine
|
| 852 |
|
|
|a SNK
|b KIS3GCP
|
| 958 |
|
|
|a BX
|
| 958 |
|
|
|a RBX
|
| 999 |
|
|
|c 1390708
|d 1392638
|